| 000 | 00470nam a2200157 i 4500 | ||
|---|---|---|---|
| 001 | 23478 | ||
| 003 | ES-MaACL | ||
| 005 | 20230906152858.0 | ||
| 007 | t| | ||
| 008 | 021210s1931 fr ||||1| fre d | ||
| 100 | 1 |
_aAllendy, René. _920022 |
|
| 245 | 1 | 3 |
_aLa justice intérieure / _cRené Allendy. |
| 260 |
_aParis : _bLes Editions Danoel et Steele, _c1931 ( _eFontenay-aux-Roses : _fLouis Bellenard et Fils) |
||
| 300 |
_a270 p. ; _c20 cm. |
||
| 852 |
_aES-MaACL _jA-2552 |
||
| 999 |
_c23478 _d23478 |
||